书目信息 |
| 题名: |
春光映画王家卫
|
|
| 作者: | 姜鑫 编著 | |
| 分册: | ||
| 出版信息: | 北京 中国广播电视出版社 2004 |
|
| 页数: | 194页 | |
| 开本: | 21cm | |
| 丛书名: | 中国电影百年经典书系 | |
| 单 册: | ||
| 中图分类: | J905.2 | |
| 科图分类: | ||
| 主题词: | 电影评论--中国--现代 , 电影导演--人物研究--中国--现代 | |
| 电子资源: | ||
| ISBN: | 7-5043-4341-2 | |
| 000 | 00855oam2 2200289 45 | |
| 001 | 0900000017621 | |
| 005 | 20051219142708.45 | |
| 010 | @a7-5043-4341-2@dCNY23.80 | |
| 092 | @aCN | |
| 100 | @a20041202d2004 ekmy0chiy0120 ea | |
| 101 | 0 | @achi |
| 102 | @aCN@b110000 | |
| 105 | @aa z 000yd | |
| 200 | 1 | @a春光映画王家卫@9chun guang ying hua wang jia wei@f姜鑫编著@Fjiang xin bian zhu |
| 210 | @a北京@c中国广播电视出版社@d2004 | |
| 215 | @a194页@c图@d21cm | |
| 225 | 2 | @a中国电影百年经典书系@i导演系列 |
| 461 | 0 | @12001 @a中国电影百年经典书系 |
| 462 | 0 | @12001 @a导演系列 |
| 600 | 0 | @a王家卫@f1958~@x人物研究 |
| 606 | 0 | @a电影评论@y中国@z现代 |
| 606 | 0 | @a电影导演@x人物研究@y中国@z现代 |
| 690 | @aJ905.2@v4 | |
| 701 | 0 | @a姜鑫@Ajiang xin@4编著 |
| 801 | 0 | @aCN@bCXYBOOK@c20051219 |
| 905 | @a10447@dJ905.2@e120 | |
| 999 | @aAFJ@eJDD | |
| 春光映画王家卫/姜鑫编著.-北京:中国广播电视出版社,2004 |
| 194页:图;21cm.-(中国电影百年经典书系.导演系列) |
| ISBN 7-5043-4341-2:CNY23.80 |
| ● |
| 相关链接 |
|
|
|
|
正题名:春光映画王家卫
索取号:J905.2/120
 
预约/预借
| 序号 | 登录号 | 条形码 | 馆藏地/架位号 | 状态 | 备注 |
| 1 | 0371729 | 203717291 | 第一样本阅览室/ [索取号:J905.2/120] | 在馆 | |
| 2 | 0371730 | 203717308 | 第一借阅区/ [索取号:J905.2/120] | 在馆 | |
| 3 | 0371731 | 203717317 | 第一借阅区/ [索取号:J905.2/120] | 在馆 | |
| 4 | 0371732 | 203717326 | 第一借阅区/ [索取号:J905.2/120] | 在馆 | |
| 5 | 0371733 | 203717335 | 第一借阅区/ [索取号:J905.2/120] | 在馆 |